Полное собрание сочинений Д.И. Фон Визина. Ч. 1: [Бригадир | Недоросль (Запись № 2255538)

Подробности
000 -МАРКЕР
контрольное поле 01773nam2a2200373 4500
001 - ИДЕНТИФИКАТОР ЗАПИСИ
контрольное поле v19\rc\1322860
005 - ИДЕНТИФИКАТОР ВЕРСИИ
контрольное поле 20250618120440.0
035 ## - ДРУГИЕ СИСТЕМНЫЕ НОМЕРА
Идентификатор записи (NLR Aleph) 004559598
100 ## - ДАННЫЕ ОБЩЕЙ ОБРАБОТКИ
Данные общей обработки 20060512d1830 |||y0rusy50 ca
101 0# - ЯЗЫК РЕСУРСА
Язык текста, звукозаписи и т.д. русский
102 ## - СТРАНА ПУБЛИКАЦИИ ИЛИ ПРОИЗВОДСТВА
Страна публикации Российская Федерация
105 ## - ПОЛЕ КОДИРОВАННЫХ ДАННЫХ: ТЕКСТОВЫЕ МАТЕРИАЛЫ, МОНОГРАФИЧЕСКИЕ
Кодированные данные о монографическом текстовом документе c z 000by
200 1# - ЗАГЛАВИЕ И СВЕДЕНИЯ ОБ ОТВЕТСТВЕННОСТИ
Основное заглавие [Бригадир
-- Недоросль
Сведения, относящиеся к заглавию комедии]
210 ## - ПУБЛИКАЦИЯ, РАСПРОСТРАНЕНИЕ И ДР.
Дата издания, распространения и т.д. 1830
Место издания, распространения и т.д. Б. м.
215 ## - ФИЗИЧЕСКАЯ ХАРАКТЕРИСТИКА
Специфическое обозначение материала и объем VIII, [2], 263 с., [1] л. портр.
316 ## - ПРИМЕЧАНИЯ ОБ ОСОБЕННОСТЯХ ЭКЗЕМПЛЯРА
Текст примечания Экз. РНБ (130/3320(1)) деф.: отсутствует 1 л. портр.
Организация и экземпляр, к которому относится поле NLR: 130/3320(1)
327 1# - ПРИМЕЧАНИЯ О СОДЕРЖАНИИ
Текст примечания В кн. также: Предуведомление / Пл[атон] Бек[етов]
461 #0 - УРОВЕНЬ НАБОРА
Встроенное поле 001v19\rc\1322859
-- 2001#$aПолное собрание сочинений Д. И. фон Визина$vЧ. 1
-- 700#1$aФонвизин$bД. И.$f1745-1792$gДенис Иванович$3RU\NLR\AUTH\7711401
Системный номер (АБИС) связанной записи 2255529
Автор Фонвизин, Д. И. (1745-1792)
Место публикации Москва
Дата публикации 1830
Имя издателя, распространителя и т.д. Салаев
Сведения, относящиеся к заглавию Ч. 1-4
Физическая характеристика 4 т.
Заглавие Полное собрание сочинений Д.И. Фон Визина
Номер тома Ч. 1
464 #0 - АНАЛИТИЧЕСКИЙ УРОВЕНЬ
Встроенное поле 2001#$a[Предуведомление]$fПл[атон] Бек[етов]
-- 700#1$aБекетов$bП. П.$f1761-1836$gПлатон Петрович$3RU\NLR\AUTH\770274331
Заглавие [Предуведомление]
Автор Бекетов, Платон Петрович (1761-1836)
801 #0 - ИСТОЧНИК ЗАПИСИ
Страна Российская Федерация
Организация NLR
Правила каталогизации psbo
801 #0 - ИСТОЧНИК ЗАПИСИ
Страна Российская Федерация
Организация RuMoRGB
Источник данных psbo
801 #1 - ИСТОЧНИК ЗАПИСИ
Страна Российская Федерация
Организация ProSoft-M
Источник данных rusmarc
852 ## - МЕСТОНАХОЖДЕНИЕ И ШИФР ХРАНЕНИЯ
Идентификатор организации NLR
Шифр хранения (Call Number) 18.47.5.12(1)
852 ## - МЕСТОНАХОЖДЕНИЕ И ШИФР ХРАНЕНИЯ
Идентификатор организации NLR
Шифр хранения (Call Number) 130/3320(1)
899 ## - ДАННЫЕ О МЕСТОНАХОЖДЕНИИ (устаревшее)
Местонахождение RuMoRGB
Шифр хранения U 27/495
899 ## - ДАННЫЕ О МЕСТОНАХОЖДЕНИИ (устаревшее)
Местонахождение RuMoRGB
Шифр хранения E 85/399
899 ## - ДАННЫЕ О МЕСТОНАХОЖДЕНИИ (устаревшее)
Местонахождение БАН
899 ## - ДАННЫЕ О МЕСТОНАХОЖДЕНИИ (устаревшее)
Местонахождение НБ СПбГУ
899 ## - ДАННЫЕ О МЕСТОНАХОЖДЕНИИ (устаревшее)
Местонахождение ГПИБ
899 ## - ДАННЫЕ О МЕСТОНАХОЖДЕНИИ (устаревшее)
Местонахождение НБ МГУ
942 ## - ДОПОЛНИТЕЛЬНЫЕ ЭЛЕМЕНТЫ ЗАПИСИ (АБИС)
Тип экземпляра АБИС Книга
980 ## - КОЛЛЕКЦИЯ
Название коллекции Национальная библиография
Экземпляры
Тип экземпляра Дата поступления Библиотека постоянного хранения Библиотека текущего хранения Место хранения Шифр хранения Штрих-код Статус экземпляра
Книга 26.10.2013 РНБ (Садовая) РНБ (Садовая) Русский книжный фонд -Главное здание, Ленинский читальный зал 18.47.5.12(1) 4559598-10  
Книга 26.10.2013 РНБ (Садовая) РНБ (Садовая) Русский книжный фонд -Главное здание, Ленинский читальный зал 130/3320(1) 4559598-20